Southville International School and Colleges
Your cart is empty.
  • Cart
  • Lists
    Public lists Eva Luna New books Lux_list list_1
    Your lists Log in to create your own lists
  • Log in to your account
  • Your cookies
  • Search history
Southville International School and Colleges
  • Advanced search
  • Recent comments
  • Most popular
  • Libraries

Log in to your account

Log in with GOOGLE


If you do not have an external account, but do have a local account, you can still log in:

  1. Home
  2. MARC view: Nip and Nap / :
Normal view MARC view ISBD view

Nip and Nap / : (Record no. 102199)

[ view plain ]
MARC details
000 -LEADER
fixed length control field 00490nam a2200157 a 4500
005 - DATE AND TIME OF LATEST TRANSACTION
control field 20140412111232.0
008 - FIXED-LENGTH DATA ELEMENTS--GENERAL INFORMATION
fixed length control field 010424s19uu xx 00 eng d
020 ## - INTERNATIONAL STANDARD BOOK NUMBER
International Standard Book Number 0-8317-4486-3
050 ## - LIBRARY OF CONGRESS CALL NUMBER
Classification number TR(PS E
Item number Ni625 1987
100 ## - MAIN ENTRY--PERSONAL NAME
Personal name Hawksley, Gerald
245 ## - TITLE STATEMENT
Title Nip and Nap / :
Remainder of title a picture storybook /
Statement of responsibility, etc written by Gerald Hawksley; illustrated by Colin King.
260 ## - PUBLICATION, DISTRIBUTION, ETC. (IMPRINT)
Place of publication, distribution, etc New York :
Name of publisher, distributor, etc Gallery Books,
Date of publication, distribution, etc 1987.
300 ## - PHYSICAL DESCRIPTION
Extent 1v. (unp.) ; ill.
650 ## - SUBJECT ADDED ENTRY--TOPICAL TERM
Topical term or geographic name as entry element Children's stories
Holdings
Withdrawn status Lost status Damaged status Use restrictions Home library Current library Shelving location Date acquired Source of acquisition Total Checkouts Full call number Barcode Date last seen Price effective from Koha item type
        Elizalde Library Elizalde Library Teachers Reference Section 04/24/2001     TR(PS E Ni625 1987 E0777 04/12/2014 04/12/2014 Books

Nip and Nap / :

APA

Hawksley G., . (1987). Nip and Nap. New York: Gallery Books.

Chicago

Hawksley Gerald, . 1987. Nip and Nap. New York: Gallery Books.

Harvard

Hawksley G., . (1987). Nip and Nap. New York: Gallery Books.

MLA

Hawksley Gerald, . Nip and Nap. New York: Gallery Books. 1987.

  • Place hold
  • Print
  • Cite
  • Add to your cart (remove)
  • Save record
    BIBTEX Dublin Core MARCXML MARC (non-Unicode/MARC-8) MARC (Unicode/UTF-8) MARC (Unicode/UTF-8, Standard) MODS (XML) RIS
  • More searches
    Search for this title in:
    Other Libraries (WorldCat) Other Databases (Google Scholar) Online Stores (Bookfinder.com) Open Library (openlibrary.org)

Exporting to Dublin Core...

SOUTHVILLE LIBRARY

Southville International School and Colleges Library

1281 Tropical Ave. Cor. Luxembourg St., BF Homes International, Las Pinas City

Tel. No. 8256374 / 252358 Loc. 117/146

Powered by Koha